000 01183nam a22002777a 4500
001 8784
003 FISKH
005 20251020143612.0
008 251020b cb ||||| |||| 00| 0 eng d
020 _a9780194789240
040 _aFISKH
_beng
_cFISKH
_dFISKH
050 _aPE1126.A4 A45
082 _a428.6
100 _aAkinyemi, Rowena
_eAuthor
245 _aThe witches of pendles /
260 _aGreat Clarendon Street :
_bOxford University ,
_c1994
300 _a56 pages :
_billustrations ;
_c20 cm
505 _aJ
520 _aWitches are dangerous. They can kill you with a look, or a word. They can send their friend the Devil after you in the shape of a dog or a cat. They can make a clay picture of you, then break it . . . and a few weeks later you are dead. Today, of course, most people don't believe in witches. But in 1612 everybody was afraid of them. Young Jennet Device in Lancashire knew a lot about them because she lived with the Witches of Pendle. They were her family . . .
521 8 _a490
_bLexile
521 8 _aJ
_bRaz-Plus
650 _aEnglish
_vElementary
650 _aFolktales
_vMystery
942 _2ddc
_cBK
_n0
999 _c8784
_d8784